| 000 | 01017nam a2200253 a 4500 | ||
|---|---|---|---|
| 001 | 000028215 | ||
| 005 | 20250430073846.0 | ||
| 008 | 110407s2011 dr a 001 0 spa d | ||
| 020 | _a9789945872323 | ||
| 040 |
_aDO-SdBNP _bspa _cBNPHU |
||
| 082 |
_a153.83 _bM671t |
||
| 100 | 1 |
_aMirabal, Yoselman R. _d1969- _91777 |
|
| 245 | 1 | 0 |
_aTú decides : _bla cruda realidad a la hora de elegir / _cYoselman R. Mirabal ; prólogo Miguel García Frías. |
| 260 |
_aSanto Domingo : _bPublicaciones Mirabal, _c2011. |
||
| 300 |
_a159 : _bil. ; _c22 cm. |
||
| 504 | _aBibliografía : p. 159. | ||
| 505 | 0 |
_gPrólogo -- _tAntes de empezar -- _tTipos de decisiones -- _tCosas que influyen en la toma de decisiones -- _tCómo tomar decisiones -- _gBibliografía. |
|
| 590 | _aInventariado, 2018/LP | ||
| 650 | 4 |
_aToma de decisiones _95494 |
|
| 650 | 0 |
_aAutorrealización (Psicología) _9211 |
|
| 650 | 4 |
_aTécnicas de autoayuda _9387 |
|
| 700 | 1 |
_aGarcía Frías, Miguel, _epról. _955210 |
|
| 910 | _aValidado. Control de calidad EMS. | ||
| 999 |
_c27707 _d27707 |
||